<?xml version="1.0" encoding="UTF-8"?>
<collection xmlns="http://www.loc.gov/MARC21/slim">
 <record>
  <leader>02164nam a22002657a 4500</leader>
  <controlfield tag="001">NCT_16203</controlfield>
  <controlfield tag="008">171014b        xxu||||| |||| 00| 0 vie d</controlfield>
  <datafield tag="999" ind1=" " ind2=" ">
   <subfield code="c">769</subfield>
   <subfield code="d">769</subfield>
  </datafield>
  <datafield tag="082" ind1="1" ind2="4">
   <subfield code="2">23rd ed.</subfield>
   <subfield code="a">721</subfield>
   <subfield code="b">Gi108</subfield>
  </datafield>
  <datafield tag="245" ind1="1" ind2="0">
   <subfield code="a">Giáo trình cấu tạo kiến trúc</subfield>
   <subfield code="c">Trường Cao đẳng Xây dựng Số 1</subfield>
  </datafield>
  <datafield tag="250" ind1=" " ind2=" ">
   <subfield code="a">Tái bản</subfield>
  </datafield>
  <datafield tag="260" ind1=" " ind2=" ">
   <subfield code="a">H.</subfield>
   <subfield code="b">Xây dựng</subfield>
   <subfield code="c">2013</subfield>
  </datafield>
  <datafield tag="520" ind1="3" ind2=" ">
   <subfield code="a">Trình bày những chi tiết cấu tạo kiến trúc của một công trình xây dựng dân dụng, công nghiệp theo trình tự từ nền, móng, tường, cột, cửa sổ, sàn bêtông, mái nhà,...</subfield>
  </datafield>
  <datafield tag="653" ind1=" " ind2=" ">
   <subfield code="a">Kiến trúc</subfield>
  </datafield>
  <datafield tag="942" ind1=" " ind2=" ">
   <subfield code="2">ddc</subfield>
   <subfield code="c">BK</subfield>
  </datafield>
  <datafield tag="952" ind1=" " ind2=" ">
   <subfield code="0">0</subfield>
   <subfield code="1">0</subfield>
   <subfield code="2">ddc</subfield>
   <subfield code="4">0</subfield>
   <subfield code="6">721_000000000000000_GI108</subfield>
   <subfield code="7">0</subfield>
   <subfield code="9">2524</subfield>
   <subfield code="a">000001</subfield>
   <subfield code="b">000001</subfield>
   <subfield code="d">2017-11-03</subfield>
   <subfield code="o">721 Gi108</subfield>
   <subfield code="p">MD.08571</subfield>
   <subfield code="r">2017-11-03</subfield>
   <subfield code="v">104000.00</subfield>
   <subfield code="w">2017-11-03</subfield>
   <subfield code="y">BK</subfield>
  </datafield>
  <datafield tag="952" ind1=" " ind2=" ">
   <subfield code="0">0</subfield>
   <subfield code="1">0</subfield>
   <subfield code="2">ddc</subfield>
   <subfield code="4">0</subfield>
   <subfield code="6">721_000000000000000_GI108</subfield>
   <subfield code="7">0</subfield>
   <subfield code="9">2525</subfield>
   <subfield code="a">000001</subfield>
   <subfield code="b">000001</subfield>
   <subfield code="d">2017-11-03</subfield>
   <subfield code="o">721 Gi108</subfield>
   <subfield code="p">MD.08572</subfield>
   <subfield code="r">2017-11-03</subfield>
   <subfield code="v">104000.00</subfield>
   <subfield code="w">2017-11-03</subfield>
   <subfield code="y">BK</subfield>
  </datafield>
  <datafield tag="952" ind1=" " ind2=" ">
   <subfield code="0">0</subfield>
   <subfield code="1">0</subfield>
   <subfield code="2">ddc</subfield>
   <subfield code="4">0</subfield>
   <subfield code="6">721_000000000000000_GI108</subfield>
   <subfield code="7">0</subfield>
   <subfield code="9">2526</subfield>
   <subfield code="a">000001</subfield>
   <subfield code="b">000001</subfield>
   <subfield code="d">2017-11-03</subfield>
   <subfield code="o">721 Gi108</subfield>
   <subfield code="p">MD.08573</subfield>
   <subfield code="r">2017-11-03</subfield>
   <subfield code="v">104000.00</subfield>
   <subfield code="w">2017-11-03</subfield>
   <subfield code="y">BK</subfield>
  </datafield>
  <datafield tag="952" ind1=" " ind2=" ">
   <subfield code="0">0</subfield>
   <subfield code="1">0</subfield>
   <subfield code="2">ddc</subfield>
   <subfield code="4">0</subfield>
   <subfield code="6">721_000000000000000_GI108</subfield>
   <subfield code="7">0</subfield>
   <subfield code="9">2527</subfield>
   <subfield code="a">000001</subfield>
   <subfield code="b">000001</subfield>
   <subfield code="d">2017-11-03</subfield>
   <subfield code="o">721 Gi108</subfield>
   <subfield code="p">MD.08574</subfield>
   <subfield code="r">2020-11-09</subfield>
   <subfield code="v">104000.00</subfield>
   <subfield code="w">2017-11-03</subfield>
   <subfield code="y">BK</subfield>
  </datafield>
  <datafield tag="952" ind1=" " ind2=" ">
   <subfield code="0">0</subfield>
   <subfield code="1">0</subfield>
   <subfield code="2">ddc</subfield>
   <subfield code="4">0</subfield>
   <subfield code="6">721_000000000000000_GI108</subfield>
   <subfield code="7">0</subfield>
   <subfield code="9">2528</subfield>
   <subfield code="a">000001</subfield>
   <subfield code="b">000001</subfield>
   <subfield code="d">2017-11-03</subfield>
   <subfield code="l">2</subfield>
   <subfield code="m">1</subfield>
   <subfield code="o">721 Gi108</subfield>
   <subfield code="p">MD.08575</subfield>
   <subfield code="r">2021-01-05</subfield>
   <subfield code="s">2020-12-15</subfield>
   <subfield code="v">104000.00</subfield>
   <subfield code="w">2017-11-03</subfield>
   <subfield code="y">BK</subfield>
  </datafield>
  <datafield tag="952" ind1=" " ind2=" ">
   <subfield code="0">0</subfield>
   <subfield code="1">0</subfield>
   <subfield code="2">ddc</subfield>
   <subfield code="4">0</subfield>
   <subfield code="6">721_000000000000000_GI108</subfield>
   <subfield code="7">0</subfield>
   <subfield code="9">2529</subfield>
   <subfield code="a">000001</subfield>
   <subfield code="b">000001</subfield>
   <subfield code="d">2017-11-03</subfield>
   <subfield code="o">721 Gi108</subfield>
   <subfield code="p">MD.08576</subfield>
   <subfield code="r">2017-11-03</subfield>
   <subfield code="v">104000.00</subfield>
   <subfield code="w">2017-11-03</subfield>
   <subfield code="y">BK</subfield>
  </datafield>
  <datafield tag="952" ind1=" " ind2=" ">
   <subfield code="0">0</subfield>
   <subfield code="1">0</subfield>
   <subfield code="2">ddc</subfield>
   <subfield code="4">0</subfield>
   <subfield code="6">721_000000000000000_GI108</subfield>
   <subfield code="7">0</subfield>
   <subfield code="9">2530</subfield>
   <subfield code="a">000001</subfield>
   <subfield code="b">000001</subfield>
   <subfield code="d">2017-11-03</subfield>
   <subfield code="l">1</subfield>
   <subfield code="m">1</subfield>
   <subfield code="o">721 Gi108</subfield>
   <subfield code="p">MD.08577</subfield>
   <subfield code="r">2021-01-23</subfield>
   <subfield code="s">2021-01-05</subfield>
   <subfield code="v">104000.00</subfield>
   <subfield code="w">2017-11-03</subfield>
   <subfield code="y">BK</subfield>
  </datafield>
  <datafield tag="952" ind1=" " ind2=" ">
   <subfield code="0">0</subfield>
   <subfield code="1">0</subfield>
   <subfield code="2">ddc</subfield>
   <subfield code="4">0</subfield>
   <subfield code="6">721_000000000000000_GI108</subfield>
   <subfield code="7">0</subfield>
   <subfield code="9">2531</subfield>
   <subfield code="a">000001</subfield>
   <subfield code="b">000001</subfield>
   <subfield code="d">2017-11-03</subfield>
   <subfield code="o">721 Gi108</subfield>
   <subfield code="p">MD.08578</subfield>
   <subfield code="r">2017-11-03</subfield>
   <subfield code="v">104000.00</subfield>
   <subfield code="w">2017-11-03</subfield>
   <subfield code="y">BK</subfield>
  </datafield>
  <datafield tag="952" ind1=" " ind2=" ">
   <subfield code="0">0</subfield>
   <subfield code="1">0</subfield>
   <subfield code="2">ddc</subfield>
   <subfield code="4">0</subfield>
   <subfield code="6">721_000000000000000_GI108</subfield>
   <subfield code="7">0</subfield>
   <subfield code="9">2532</subfield>
   <subfield code="a">000001</subfield>
   <subfield code="b">000001</subfield>
   <subfield code="d">2017-11-03</subfield>
   <subfield code="o">721 Gi108</subfield>
   <subfield code="p">MD.08579</subfield>
   <subfield code="r">2017-11-03</subfield>
   <subfield code="v">104000.00</subfield>
   <subfield code="w">2017-11-03</subfield>
   <subfield code="y">BK</subfield>
  </datafield>
  <datafield tag="980" ind1=" " ind2=" ">
   <subfield code="a">Thư viện Trường Đại học Nam Cần Thơ</subfield>
  </datafield>
 </record>
</collection>
